000 00993cam a2200241 a 4500
001 000014672
005 20200929163900.0
008 010827s2001 mx b 000 0 spa d
020 _a9688569054
040 _aDO-SdBNP
_bspa
_cBNPHU
082 _a305.897
_bS486m
100 1 _aSerna Moreno, J. Jesús María.
_933232
245 1 0 _aMéxico, un pueblo testimonio :
_blos indios y la nación en nuestra América /
_cJ. Jesús María Serna Moreno.
260 _aMéxico :
_bUniversidad Nacional Autónoma de México ;
_bCentro Coordinador y Difusor de Estudios Latinoamericanos ;
_bPlaza y Valdés,
_c2001.
300 _a180 p. ;
_c23 cm.
490 1 _aDemocracia y cultura
504 _aIncluye referencias bibliográficas (p. [161] -180).
650 4 _aIndigenas de méxico
_xRelaciones gubernamentales
_933233
650 4 _aIndigenas
_933234
651 4 _aMéxico
_xRelaciones Étnicas
_933235
651 4 _aAmérica Latina
_xRelaciones Étnicas
_933236
830 0 _aDemocracia y cultura
_933237
999 _c14256
_d14256